000 00461nam a2200169Ia 4500
003 GCL
008 140319s9999 xx 000 0 ara d
040 _aGCL /
_cGCL
082 0 4 _aط
_b507
_bك هـ
100 1 _aكامل ادهم الدباغ
245 1 0 _aالهواء فى الطبيعة /
_cكامل ادهم الدباغ
300 _a33 ص
490 _a100 قصة
_v0
650 0 4 _aالغلاف الجوى
650 0 4 _aالهواء
942 _2ddc
_cBK
999 _c44959
_d44959